Obal ako logistická jednotka dizertačná práca

Gespeichert in:
Bibliographische Detailangaben
1. Verfasser: Dzurová, Mária
Körperschaft: Ekonomická univerzita v Bratislave. Obchodná fakulta
Weitere Verfasser: Viestová, Kristína
Format: Buch
Sprache:Slowakisch
Veröffentlicht: Bratislava 1998
Schlagworte:
Tags: Tag hinzufügen
Keine Tags, Fügen Sie das erste Tag hinzu!

MARC

LEADER 00000nam a2200000 4500
001 c117416
005 20240104091704.4
041 0 |a slo 
044 |a SK 
245 1 0 |a Obal ako logistická jednotka  |b dizertačná práca  |c Mária Dzurová ; škol. Kristína Viestová 
264 1 |a Bratislava  |c 1998 
300 |a 147 s. 
610 2 0 |a obaly 
610 2 0 |a technika obalová 
610 2 0 |a logistika 
610 2 0 |a distribúcia 
610 2 0 |a palety 
610 2 0 |a balenie 
100 1 |a Dzurová, Mária 
700 1 |a Viestová, Kristína 
710 2 |a Ekonomická univerzita v Bratislave. Obchodná fakulta